Digital communications (Record no. 956)

000 -LEADER
fixed length control field 00508nam a2200205 a 4500
001 - CONTROL NUMBER
control field 956
003 - CONTROL NUMBER IDENTIFIER
control field BD-DhUET
008 - FIXED-LENGTH DATA ELEMENTS--GENERAL INFORMATION
fixed length control field 860516s1986 inua b 001 0 eng
020 ## - INTERNATIONAL STANDARD BOOK NUMBER
International Standard Book Number 0071181830
040 ## - CATALOGING SOURCE
Original cataloging agency DLC
Transcribing agency DLC
Modifying agency BD-DhUET
082 00 - DEWEY DECIMAL CLASSIFICATION NUMBER
Classification number 623.8
Item number PRO/2001
100 ## - MAIN ENTRY--PERSONAL NAME
Personal name Proakis, John G.
245 00 - TITLE STATEMENT
Title Digital communications
250 ## - EDITION STATEMENT
Edition statement 4th ed.
260 ## - PUBLICATION, DISTRIBUTION, ETC. (IMPRINT)
Place of publication, distribution, etc. Boston
Name of publisher, distributor, etc. McGraw-Hill
Date of publication, distribution, etc. 2001
300 ## - PHYSICAL DESCRIPTION
Extent xxi,1002p..
504 ## - BIBLIOGRAPHY, ETC. NOTE
Bibliography, etc Includes bibliographies

650 #0 - SUBJECT ADDED ENTRY--TOPICAL TERM
Topical term or geographic name as entry element Digital communications.
942 ## - ADDED ENTRY ELEMENTS (KOHA)
Koha item type General Book
Holdings
Copy number Not for loan Withdrawn status Koha date last seen Shelving location Koha item type Koha date last borrowed Sublocation or collection (holding branch) Piece designation (barcode) Koha issues (times borrowed) Location (home branch) Koha full call number Source of classification or shelving scheme Date acquired Koha normalized classification for sorting Damaged status Lost status Price effective from
1  2014-08-26Circulation sectionGeneral Book Central Library, BUET103342 Central Library, BUET623.8/PRO/2001 2014-08-26623_000000000000000_8PRO2001  2014-08-26
2  2017-07-30Circulation sectionGeneral Book Central Library, BUET103344 Central Library, BUET623.8/PRO/2001 2014-08-26623_000000000000000_8PRO2001  2014-08-26
3  2015-06-08Circulation sectionGeneral Book Central Library, BUET103345 Central Library, BUET623.8/PRO/2001 2014-08-26623_000000000000000_8PRO2001  2014-08-26
4  2015-08-18Circulation sectionGeneral Book2015-05-20Central Library, BUET1033461Central Library, BUET623.8/PRO/2001 2014-08-26623_000000000000000_8PRO2001  2014-08-26
5  2014-08-26Circulation sectionGeneral Book Central Library, BUET103347 Central Library, BUET623.8/PRO/2001 2014-08-26623_000000000000000_8PRO2001  2014-08-26
6  2018-08-29Circulation sectionGeneral Book2018-08-06Central Library, BUET1033482Central Library, BUET623.8/PRO/2001 2014-08-26623_000000000000000_8PRO2001  2014-08-26
7  2018-09-11Circulation sectionGeneral Book2018-08-29Central Library, BUET1033491Central Library, BUET623.8/PRO/2001 2014-08-26623_000000000000000_8PRO2001  2014-08-26
8  2015-08-16Circulation sectionGeneral Book Central Library, BUET103350 Central Library, BUET623.8/PRO/2001 2014-08-26623_000000000000000_8PRO2001  2014-08-26
9  2015-03-01Circulation sectionGeneral Book Central Library, BUET107674 Central Library, BUET623.8/PRO/2001 2014-08-26623_000000000000000_8PRO2001  2014-08-26
10  2018-09-09Circulation sectionGeneral Book2018-08-28Central Library, BUET1033431Central Library, BUET623.8/PRO/2001 2007-05-07623_800000000000000_PRO_2001  2017-05-16